000 00346nam a2200133Ia 4500
005 20260326100027.0
008 260326s9999||||xx |||||||||||||| ||und||
100 _aAmaral, Aracy
245 0 _aArquitectura Neocolonial /
_cAracy Amaral
260 _bFondo de Cultura Económica
300 _a334 p.
650 _aARQUITECTURA COLONIAL
942 _cBK
999 _c6430
_d6430